| 000 | 00721nam a22002177a 4500 | ||
|---|---|---|---|
| 020 | _a0022441840 | ||
| 040 | _cGPO | ||
| 082 | _a808 MAC 1996 C260 Or. | ||
| 100 | _aMACMILLAN | ||
| 245 | 0 | 0 |
_aWrite ideas _bstrategies for improving writing skills in the workplace / |
| 246 | 3 | 0 | _aStrategies for improving writing skills in the workplace |
| 246 | 3 | 0 | _aEPIC workplace learning project, 1995 |
| 300 | _a1 volume | ||
| 500 | _aDistributed to depository libraries in microfiche. | ||
| 500 | _aShipping list number: 98-0008-M. | ||
| 650 | 0 | _aComposition (Language arts) | |
| 650 | 0 | _aWorkplace literacy. | |
| 700 | 1 | _aDiller, Janelle. | |
| 710 | 2 | _aEducational Resources Information Center (U.S.) | |
| 942 | _cAEDBB | ||
| 999 |
_c22291 _d22291 |
||